[Event "Fajr op 16th"]
[Site "Urmia"]
[Date "2008.02.04"]
[Round "3"]
[White "Hosseinzadeh, Mehdi"]
[Black "Shamsi, Mohammadhossein"]
[Result "0-1"]
[WhiteElo "1983"]
[BlackElo "2145"]
[PlyCount "46"]
[EventDate "2008.02.03"]
[EventType "swiss"]
[EventRounds "11"]
[EventCountry "IRI"]
[SourceTitle "CBM 122 Extra"]
[Source "ChessBase"]
[SourceDate "2008.03.04"]
[SourceVersion "1"]
[SourceVersionDate "2008.03.04"]
[SourceQuality "1"]

1. e4 c5 2. Nf3 d6 3. d4 cxd4 4. Nxd4 Nf6 5. Nc3 a6 6. Bg5 e6 7. f4 Nbd7 8. Qf3 Qc7 9. 0-0-0 b5 10. Bxf6 Nxf6 11. e5 Bb7 12. Qg3 dxe5 13. fxe5 Nd7 14. Re1 Bb4 15. Qxg7 Bxc3 16. bxc3 Qxc3 17. Bxb5 Qa1+ 18. Kd2 Qxd4+ 19. Bd3 0-0-0 20. Qxf7 Nc5 21. Rb1 Rhf8 22. Rxb7 Rxf7 23. Rxf7 Nxd3 0-1

[Event "Fajr op 14th"]
[Site "Tehran"]
[Date "2006.01.25"]
[Round "3"]
[White "Hosseinzadeh, Mehdi"]
[Black "Ryahi, Naser"]
[Result "1/2-1/2"]
[WhiteElo "1880"]
[BlackElo "2220"]
[PlyCount "157"]
[EventDate "2006.01.24"]
[EventType "swiss"]
[EventRounds "9"]
[EventCountry "IRI"]
[SourceTitle "CBM 110 Extra"]
[Source "ChessBase"]
[SourceDate "2006.03.10"]
[SourceVersion "2"]
[SourceVersionDate "2006.03.10"]
[SourceQuality "1"]

1. e4 e5 2. Nf3 Nf6 3. Nxe5 d6 4. Nf3 Nxe4 5. d4 d5 6. Bd3 Bd6 7. 0-0 0-0 8. c4 c6 9. Nc3 Nxc3 10. bxc3 dxc4 11. Bxc4 Bg4 12. h3 Bh5 13. Rb1 b5 14. Bd3 Nd7 15. g4 Bg6 16. Bxg6 hxg6 17. d5 Nb6 18. dxc6 a6 19. Bg5 Qc7 20. Nd4 Bh2+ 21. Kg2 Be5 22. Qf3 Rac8 23. Rfd1 Rfe8 24. Rdc1 f6 25. Bh4 Qf7 26. Rc2 Nc4 27. Re1 Bxd4 28. Rxe8+ Qxe8 29. cxd4 Qxc6 30. Re2 Qxf3+ 31. Kxf3 Kf7 32. Re1 Nb6 33. Re2 Nd5 34. Bg3 Rc3+ 35. Kg2 Rd3 36. Rc2 Rxd4 37. Rc6 Ra4 38. Rd6 Nc3 39. Rd7+ Ke6 40. Rxg7 g5 41. Rc7 Nxa2 42. Rc6+ Kf7 43. h4 gxh4 44. Bxh4 Rxg4+ 45. Kh3 Ra4 46. Rxf6+ Kg7 47. f4 Nc3 48. Rc6 Nd5 49. f5 Rf4 50. f6+ Nxf6 51. Rxa6 Nd5 52. Rd6 Rf5 53. Be1 Kf7 54. Kg3 Ke7 55. Ra6 Kd7 56. Bd2 Kc7 57. Ba5+ Kb7 58. Rd6 Nf6 59. Rb6+ Ka7 60. Rc6 Kb7 61. Rb6+ Kc8 62. Kg2 Nd5 63. Rh6 Ne3+ 64. Kg3 Kd7 65. Rg6 Nd5 66. Kg4 Rf4+ 67. Kg3 Ra4 68. Be1 Re4 69. Kf2 Nf4 70. Kf3 Rxe1 71. Kxf4 Kc7 72. Kf3 Re8 73. Kf2 b4 74. Kf3 Rb8 75. Ke3 b3 76. Rg1 Kc6 77. Kd3 Kc5 78. Kc3 b2 79. Rb1 1/2-1/2